Agents' rightful duty (Record no. 117587)

MARC details
000 -LEADER
fixed length control field 01736cam a2200289 4500
001 - CONTROL NUMBER
control field ABS67962
008 - FIXED-LENGTH DATA ELEMENTS--GENERAL INFORMATION
fixed length control field 040623n2004 000 0 eng u
035 ## - SYSTEM CONTROL NUMBER
System control number (Sirsi) u126587
100 ## - MAIN ENTRY--PERSONAL NAME
Personal name Murdoch, J.
245 ## - TITLE STATEMENT
Title Agents' rightful duty
260 ## - PUBLICATION, DISTRIBUTION, ETC.
Date of publication, distribution, etc. 2004
490 ## - SERIES STATEMENT
Series statement Estates Gazette
Volume/sequential designation (0421) 22 May 2004, 149(1)
520 ## - SUMMARY, ETC.
Summary, etc. Discusses two recent cases in which estate agents appear as victims of unscrupulous vendors. In "Day Morris Associates v Voyce" ([2003] EWCA Civ 189, Abs66554), CA decided that the appellant estate agents' terms of business had been accepted by virtue of the conduct of the client. The defendant client had, by allowing the agent to produce sale particulars and to show potential buyers around her property, accepted the appellant's sole agency terms. In "Aylesford and Co (Estate Agents) Ltd v Al-Habtoor" ([2003] EWHC 2451 (Admin), Abs67371), the judge found in favour of the claimant agent. The defendant vendor sought not to pay the sales commission to the claimant estate agents, because the claimant had not sent him a terms of business leaflet with its original instructions letter, the claimant's sole agency had expired by the time it had introduced the eventual purchaser and a third party had been the effective cause of the sale not the claimant.
590 ## - LOCAL NOTE (RLIN)
Local note ABS
590 ## - LOCAL NOTE (RLIN)
Local note ABS
650 ## - SUBJECT ADDED ENTRY--TOPICAL TERM
Topical term or geographic name entry element AYLESFORD AND CO (ESTATE AGENTS) LTD V AL-HABTOOR
650 ## - SUBJECT ADDED ENTRY--TOPICAL TERM
Topical term or geographic name entry element DAY MORRIS ASSOCIATES V VOYCE AND ANOTHER
650 ## - SUBJECT ADDED ENTRY--TOPICAL TERM
Topical term or geographic name entry element VENDORS
650 ## - SUBJECT ADDED ENTRY--TOPICAL TERM
Topical term or geographic name entry element PURCHASERS
650 ## - SUBJECT ADDED ENTRY--TOPICAL TERM
Topical term or geographic name entry element AGENTS FEES
650 ## - SUBJECT ADDED ENTRY--TOPICAL TERM
Topical term or geographic name entry element COMMISSION
650 ## - SUBJECT ADDED ENTRY--TOPICAL TERM
Topical term or geographic name entry element SOLE AGENCY
650 ## - SUBJECT ADDED ENTRY--TOPICAL TERM
Topical term or geographic name entry element ESTATE AGENTS
650 ## - SUBJECT ADDED ENTRY--TOPICAL TERM
Topical term or geographic name entry element ESTATE AGENTS ACT 1979
690 ## - LOCAL SUBJECT ADDED ENTRY--TOPICAL TERM (OCLC, RLIN)
Topical term or geographic name as entry element PROPERTY AND LAND LAW-AGENCY-RESIDENTIAL-CASE LAW
942 ## - ADDED ENTRY ELEMENTS (KOHA)
Suppress in OPAC 0
Holdings
Withdrawn status Lost status Source of classification or shelving scheme Damaged status Not for loan Home library Current library Shelving location Date acquired Total Checkouts Full call number Barcode Date last seen Copy number Price effective from Koha item type
    Dewey Decimal Classification     London London Journal article 23/06/2004   ABS67962 126587-1001 06/08/2019 1 06/08/2019 Journal article